| 000 | 00399nam a2200157Ia 4500 | ||
|---|---|---|---|
| 008 | 230524s9999 xx 000 0 und d | ||
| 082 |
_a510 _bBER |
||
| 100 |
_aG.N.Berman _924201 |
||
| 245 | 2 | _aA Problem Book in Mathematical Analysis | |
| 250 | _a1ST | ||
| 260 |
_aNEW DELHI _bCBS Publishers _c2000 |
||
| 300 | _aVIII;458 | ||
| 500 | _aQuantity Number: 1 | ||
| 650 | _aMathematics | ||
| 942 | _cBK | ||
| 999 |
_c35718 _d35718 |
||